<?xml version="1.0" encoding="UTF-8"?>
<record
    xmlns:xsi="http://www.w3.org/2001/XMLSchema-instance"
    xsi:schemaLocation="http://www.loc.gov/MARC21/slim http://www.loc.gov/standards/marcxml/schema/MARC21slim.xsd"
    xmlns="http://www.loc.gov/MARC21/slim">

  <leader>02427cam a22003015a 4500</leader>
  <controlfield tag="001">17064626</controlfield>
  <controlfield tag="005">20161017125858.0</controlfield>
  <controlfield tag="008">111201t2012    njua   frb    001 0 eng d</controlfield>
  <datafield tag="010" ind1=" " ind2=" ">
    <subfield code="a">  2011047225</subfield>
  </datafield>
  <datafield tag="020" ind1=" " ind2=" ">
    <subfield code="a">9780470873939 (pbk. : acid-free paper)</subfield>
  </datafield>
  <datafield tag="040" ind1=" " ind2=" ">
    <subfield code="a">DLC</subfield>
    <subfield code="b">eng</subfield>
    <subfield code="c">DLC</subfield>
    <subfield code="d">DLC</subfield>
    <subfield code="d">EG-ScBUE</subfield>
  </datafield>
  <datafield tag="082" ind1="0" ind2="4">
    <subfield code="a">372.48</subfield>
    <subfield code="b">FAR</subfield>
    <subfield code="2">22</subfield>
  </datafield>
  <datafield tag="100" ind1="1" ind2=" ">
    <subfield code="a">Farrall, Melissa Lee.</subfield>
  </datafield>
  <datafield tag="245" ind1="1" ind2="0">
    <subfield code="a">Reading assessment :</subfield>
    <subfield code="b">linking language, literacy, and cognition /</subfield>
    <subfield code="c">Melissa Lee Farrall.</subfield>
  </datafield>
  <datafield tag="260" ind1=" " ind2=" ">
    <subfield code="a">Hoboken :</subfield>
    <subfield code="b">John Wiley and Sons, Inc.,</subfield>
    <subfield code="c">c.2012.</subfield>
  </datafield>
  <datafield tag="300" ind1=" " ind2=" ">
    <subfield code="a">ix, 394 p. :</subfield>
    <subfield code="b">ill. ;</subfield>
    <subfield code="c">24 cm.</subfield>
  </datafield>
  <datafield tag="500" ind1=" " ind2=" ">
    <subfield code="a">Includes indexes.</subfield>
  </datafield>
  <datafield tag="504" ind1=" " ind2=" ">
    <subfield code="a">Bibliography : p. 327-357.</subfield>
  </datafield>
  <datafield tag="505" ind1="8" ind2=" ">
    <subfield code="a">Machine generated contents note: Acknowledgments -- Chapter 1: Introduction -- Chapter 2: Reading Theory and the Stages of Reading Acquisition -- Chapter 3: Oral Language -- Chapter 4: Linguistic and Cultural Diversity -- Chapter 5: Statistics and Test Development -- Chapter 6: Test Administration and Report Writing -- Chapter 7: Response to Intervention -- Chapter 8: Role of Intellectual Assessment -- Chapter 9: Oral Language Assessment -- Chapter 10: Underlying Processes -- Chapter 11: Decoding -- Chapter 12: Comprehension -- Chapter 13: Informal Inventories and Readability -- Chapter 14: Written Expression and Spelling -- Chapter 15: Last Words -- Appendix A: Answer Key -- Appendix B: Glossary References Index.</subfield>
  </datafield>
  <datafield tag="520" ind1=" " ind2=" ">
    <subfield code="a">"This accessible, friendly guide is the first of its kind to present a research-based, integrated review of reading, cognition, and oral language testing and assessment. The theoretical underpinnings of reading, language, and literacy are covered, as well as detailed information and administration tips on the myriad reading inventories that may be used in a reading psychoeducational assessment. Unique in its inclusion of instruction on crafting professional evaluation reports to illuminate a student's strengths and weaknesses, this inviting book will enable school psychologists, reading specialists, and learning disabilities specialists to conduct effective interdisciplinary remedial recommendations and interventions"--</subfield>
  </datafield>
  <datafield tag="650" ind1=" " ind2="0">
    <subfield code="a">Reading</subfield>
    <subfield code="x">Ability testing.</subfield>
    <subfield code="2">BUEsh</subfield>
    <subfield code="9">14495</subfield>
  </datafield>
  <datafield tag="650" ind1=" " ind2="0">
    <subfield code="a">Educational tests and measurements.</subfield>
    <subfield code="2">BUEsh</subfield>
  </datafield>
  <datafield tag="650" ind1=" " ind2="0">
    <subfield code="a">Reading, Psychology of.</subfield>
    <subfield code="2">BUEsh</subfield>
  </datafield>
  <datafield tag="650" ind1=" " ind2="0">
    <subfield code="a">Cognition in children.</subfield>
    <subfield code="2">BUEsh</subfield>
  </datafield>
  <datafield tag="651" ind1=" " ind2=" ">
    <subfield code="2">BUEsh</subfield>
  </datafield>
  <datafield tag="653" ind1=" " ind2=" ">
    <subfield code="b">HHUUEENN</subfield>
    <subfield code="b">EEENG</subfield>
    <subfield code="c">October2016</subfield>
  </datafield>
  <datafield tag="942" ind1=" " ind2=" ">
    <subfield code="2">ddc</subfield>
  </datafield>
  <datafield tag="999" ind1=" " ind2=" ">
    <subfield code="c">22621</subfield>
    <subfield code="d">22593</subfield>
  </datafield>
  <datafield tag="952" ind1=" " ind2=" ">
    <subfield code="0">0</subfield>
    <subfield code="1">0</subfield>
    <subfield code="2">ddc</subfield>
    <subfield code="4">0</subfield>
    <subfield code="7">0</subfield>
    <subfield code="8">Academic</subfield>
    <subfield code="a">MAIN</subfield>
    <subfield code="b">MAIN</subfield>
    <subfield code="c">1ST</subfield>
    <subfield code="d">2016-10-16</subfield>
    <subfield code="e">Purchase</subfield>
    <subfield code="g">300.00</subfield>
    <subfield code="h">9120</subfield>
    <subfield code="l">0</subfield>
    <subfield code="o">372.48 FAR</subfield>
    <subfield code="p">000034115</subfield>
    <subfield code="r">2025-07-15 00:00:00</subfield>
    <subfield code="v">374.00</subfield>
    <subfield code="y">BB</subfield>
  </datafield>
</record>
